Vista normal
Vista MARC
Entrada Personal Name
Número de registros utilizados en: 1
001 - CONTROL NUMBER
- control field: 8714
003 - CONTROL NUMBER IDENTIFIER
- control field: Mx-PuUPA
005 - DATE AND TIME OF LATEST TRANSACTION
- control field: 20190117135543.0
008 - FIXED-LENGTH DATA ELEMENTS
- fixed length control field: 190117|| aca||aabn | a|a d
040 ## - CATALOGING SOURCE
- Original cataloging agency: Mx-PuUPA
- Language of cataloging: spa
- Transcribing agency: Mx-PuUPA
- Modifying agency: Mx-PuUPA
- Description conventions: rda
100 1# - HEADING--PERSONAL NAME
- Personal name: Cardona Echaury, Angélica Leticia,
374 ## - OCCUPATION
- Occupation: Autor
375 ## - GENDER
- Gender: mujer
377 ## - ASSOCIATED LANGUAGE
- Language code: spa
400 1# - SEE FROM TRACING--PERSONAL NAME
- Personal name: Echaury, Angélica Leticia Cardona
670 ## - SOURCE DATA FOUND
- Source citation: Estrategias de atención para las diferentes discapacidades: Manual para padres y maestros, 2014:
- Information found: portada (Angélica Leticia Cardona Echaury)